000 02369cam a22005654i 4500
003 PE-LiUPU
005 20250731180149.0
008 150706s r 000 0 d
035 _a(Sirsi) a52051
040 _aPE-LiUPU
_bspa
_cPE-LiUPU
_erda
049 _aPRUA
082 0 4 _a530.1
_bN94
_221
100 1 _aNuñez, Emil,
_eautor.
245 1 0 _aTeoría del tiempo oportuno :
_bprincipios matemáticos del albedrio del movimiento de los cuerpos /
_cEmil Nuñez.
264 1 _a[Lima] :
_b[2013].
300 _a147 páginas :
_bilustraciones fotos ;
_c21 cm.
336 _atext
_2rdacontent
337 _aunmediated
_2rdamedia
338 _avolume
_2rdacarrier
505 0 _aEvento en un tiempo oportuno estacionario -- Albedrio de los sistemas dinámicos respecto a un tiempo oportuno -- Albedrio con tiempo oportuno fijo -- Región del tiempo oportuno -- El tiempo oportuno -- Albedrío de la energía de los eventos -- Albedrio de la energía de un evento -- La distancia oportuna -- Unión de dos eventos por un atractor.
526 _aSEG44
526 _aSEG26
526 _aP159
526 _aP155
526 _aP154
526 _aP153
526 _aP150
526 _aP100
526 _aP31
526 _aP30
526 _aP26
526 _aP25
526 _aP24
526 _aP22
526 _aP15
526 _aP10
650 0 4 _aFísica
_xInvestigaciones.
650 0 4 _aEspacio y tiempo.
650 0 4 _aCuarta dimensión.
910 _agl
_cng
_d20130424
942 _2ddc
_cBOOK
949 _a530.1 N94
_wDEWEY
_c1
_i66464
_lCCODEBUL1
_mBUL
_p14.00
_r0
_sY
_tLIBRO
_u2015-07-06
_xBIBLIOTECA
_zUNKNOWN
_o.STAFF. Colección General
949 _a530.1 N94
_wDEWEY
_c2
_i68440
_lCCODEBUL1
_mBUL
_p11.00
_r0
_sY
_tLIBRO
_u2015-07-06
_xBIBLIOTECA
_zUNKNOWN
_o.STAFF. Colección General
994 _aC0
_bPEPRU
596 _a1
999 _a530.1 N94
_wDEWEY
_c54641
_i66464
_f2021-11-5
_g5
_lCCODEBUL1
_mBUL
_p14.00
_r0
_sN
_tBOOK
_u2015-7-6
_xBIBLIOTECA
_zUNKNOWN
_0COMPRA
_o.STAFF. Colección General
_d54641
999 _a530.1 N94
_wDEWEY
_c2
_i68440
_f2021-11-5
_g5
_lCCODEBUL1
_mBUL
_p11.00
_r0
_sN
_tBOOK
_u2015-7-6
_xBIBLIOTECA
_zUNKNOWN
_0COMPRA
_o.STAFF. Colección General
980 _81
_gALBERTO SANCHEZ Responsable de Automatización